| 000 | 00919cam a2200289 i 4500 | ||
|---|---|---|---|
| 001 | on1048554982 | ||
| 003 | TZ-ArACH | ||
| 005 | 20250207134320.0 | ||
| 008 | 180814s2018 tu b 001 0 eng d | ||
| 020 | _a9789753535168 | ||
| 020 | _a9753535163 | ||
| 035 | _a(OCoLC)1048554982 | ||
| 040 |
_aHVL _beng _erda _cTZ-ArACH |
||
| 049 | _aTZAA | ||
| 050 | 4 |
_aKZ7377 _b.U44 2018 |
|
| 100 | 1 |
_aÜlgen, Mert, _eauthor. |
|
| 245 | 1 | 4 |
_aThe role of International Criminal Court on universal jurisdiction in terms of genocide / _cMert Ülgen . |
| 260 |
_bDer Yayinlari _c2018. |
||
| 300 |
_axviii, 104 pages ; _c23 cm |
||
| 504 | _aIncludes bibliographical references and index. | ||
| 610 | 2 | 0 | _aInternational Criminal Court. |
| 610 | 2 | 7 |
_aInternational Criminal Court. _2fast |
| 650 | 0 | _aUniversal jurisdiction. | |
| 650 | 6 | _aCompetence universelle. | |
| 650 | 7 |
_aUniversal jurisdiction. _2fast |
|
| 942 |
_2lcc _cBOOK |
||
| 999 |
_c7063 _d7063 |
||